000 00477nam a2200181Ia 4500
005 20250529151416.0
008 008 250516s9999 xx 000 0 eng d
020 _a9781350446601
040 _beng
_cSDCL
041 _aeng
_2eng
084 _aRv'C R4
100 _aSmith, Nicholas D.
_9322068
245 0 _aKnowledge in ancient philosophy (Volume 1)
260 _aLondon:
_bBloomsbury,
_c2024.
300 _aviii,271p.
650 _aPhilosophy
942 _cTEXL
_2CC
999 _c1429642
_d1429642